000 00601nmm a22001937a 4500
005 20140320162944.0
008 131125b2008 ck ||||| |||| 00| 0 spa d
041 _aspa
044 _ack
090 _aLB
_b05765
110 _aCorponariño
_92897
245 _aHumedal Ramsar laguna de la Cocha :
_bPlan de manejo integral
260 _aSan Juan de Pasto
_bCorponariño
_c2008
300 _a390
_bil., (col), tablas, graficos
_c13 cm
504 _aIncluye bibliografía
505 _aIncluye contenido
710 _aMinisterio de ambiente vivienda y desarrollo territorial
_922976
942 _2z
_cCD-ROM
999 _c7892
_d7892